000 00532nam a2200205Ia 4500
005 20250508165044.0
008 008 250505s9999 xx 000 0 hin d
037 _aTextual
040 _aFEDL
_beng
_cFEDL
041 _ahin
_2eng
084 _a891.431, PRA
_qFEDL
100 _aPrasad Jaishankar
_9392481
245 0 _aKamayani
260 _aNew Delhi, India
_bArun Prakashan
_c1992
300 _a120p.
365 _aINR
_b60
546 _aMACESE
942 _cTEXL
_h891.431, PRA
999 _c1392878
_d1392878